000 00623nam a2200193Ia 4500
003 GCL
005 20240530103118.0
008 140319s9999 xx 000 0 ara d
040 _aGCL /
_cGCL
082 0 4 _a229.7
_bع ا
100 1 _aعبدالغنى محمد سعد بركة
245 1 0 _aالاعجاز القرانى : وجوهه واسراره /
_cعبدالغنى محمد سعد بركة
260 _a[S.N] :
_bمكتبة وهبة ،
_c1989
300 _a315 ص
650 0 4 _aالبلاغة العربية
650 0 4 _aالاعجاز العلمى للقران
650 0 4 _aالقران
942 _2ddc
_cBK
999 _c36919
_d36919